Oiseaux par images - Niveau Difficile - Statistiques

Statistiques générales
  • Ce quiz a été pris 46 fois
  • Le résultat moyen est 8 sur 16
Statistiques - réponses
Par images Réponse % Correct
Macareux moine
82%
Grand tétras
79%
Bécasse des bois
69%
Vautour fauve
59%
Avocette élégante
56%
Courlis cendré
56%
Sitelle torchepot
56%
Gorgebleue à miroir
54%
Grimpereau des jardins
46%
Héron pourpré
38%
Cincle plongeur
36%
Tichodrome échelette
31%
Circaete Jean-le-Blanc
26%
Chevalier guignette
23%
Gobemouche noir
21%
Pipit farlouse
18%
Aucun quiz correspondant
Distribution des résultats
% des personnes avec chaque résultat
Percentile par nombre de réponses
Votre historique - résultats
Vous n’avez pas pris ce quiz